HELB - BAC 2 - Histoire de l'Art - Statistics

General Stats
  • This quiz has been taken 5 times
  • The average score is 12 of 109
Answer Stats
Hint Answer % Correct
Cubisme Pablo Picasso
100%
Salvador Dali
100%
Impressionnisme Claude Monet
80%
Précurseur du Cubisme Paul Cézanne
80%
Edouard Manet
60%
Pointillisme Georges Seurat
60%
Néoclassicisme Jacques-Louis David
60%
Andy Warhol
40%
Romantisme Caspar David Friedrich
40%
Réalisme Gustave Courbet
40%
Henri Matisse
40%
Paul Gauguin
40%
René Magritte
40%
Précurseurs de l'Expressionisme Vincent Vangogh
40%
Abstraction Wassily Kandinsky
40%
Yves Klein
40%
Alexandre Cabanel
20%
Antonio Canova
20%
en sculpture Auguste Rodin
20%
Daniel Spoerri
20%
Eugène Delacroix
20%
Fernand Leger
20%
en peinture Georges Braque
20%
Gustav Klimt
20%
Fauvisme Henri Rousseau
20%
Jackson Pollock
20%
Jean Tinguely
20%
Surréalisme Max Ernst
20%
Theodore Gericault
20%
Adolf Gottlieb
0%
Ad Reinhardt
0%
en Flandres Albert Servaes
0%
Alexander Calder
0%
Allan Kaprow
0%
André Derain
0%
Andy Goldsworthy
0%
Nouveau Réalisme Arman
0%
Arshile Gorky
0%
Art and Language
0%
Barnett Newman
0%
en sculpture Berthel Thorvaldsen
0%
Carl Andre
0%
en architecture Carl Langhans
0%
Cesar
0%
Christo
0%
Claes Oldenburg
0%
Clifford Still
0%
Minimalisme Constantin Brancusi
0%
Dan Flavin
0%
Body Art Denis Oppenheim
0%
Donal Judd
0%
Duane Hanson
0%
Edvard Munch
0%
Egon Schiele
0%
en Allemagne Erich Heckel
0%
Expressionisme Ernst Ludwig Kirchner
0%
Groupe de XX Fernand Khnopff
0%
Francis Bacon
0%
Franz Kline
0%
Georges Minne
0%
Giacomo Balla
0%
Futurisme Gino Severini
0%
Gustave Van de Woestijne
0%
Hans Hartung
0%
Henri de Toulouse-Lautrec
0%
en sculpture Henri Laurens
0%
James Ensor
0%
Pop Art Jasper Johns
0%
Jean-Leon Gerome
0%
Joan Miro
0%
Expressionisme Abstrait Josef Albers
0%
Joseph Beuys
0%
Joseph Cornell
0%
L'art conceptuel Joseph Kosuth
0%
Juan Gris
0%
Suprématisme Kasimir Malevitch
0%
Kurt Schwitters
0%
Leo Von Klenze
0%
Je sais pas les mettre où Lucio Fontana
0%
Ludwig Mies Van Der Rohe
0%
Dadaisme Marcel Duchamp
0%
Marcel Marien
0%
Mark Rothko
0%
Meret Oppenheim
0%
Fluxus Nam June Paik
0%
Nicolas de Stael
0%
Niki de Saint Phalle
0%
On Kawara
0%
en Autriche Oskar Kokoschka
0%
Ossip Zadkine
0%
Otto Dix
0%
Pierre-Alexandre Vignon
0%
Pierre Soulages
0%
Néo-Plasticisme Piet Mondrian
0%
Raoul Hausmann
0%
Richard Long
0%
Rik Wouters
0%
Robert Motherwell
0%
Land Art Robert Smithson
0%
Roy Lichstenstein
0%
L'école de Paris Serge Poliakoff
0%
Sophie Calle
0%
Theodore Chasseriau
0%
Thomas Couture
0%
Tom Wesselman
0%
Umberto Boccioni
0%
Walter de Maria
0%
Willem de Kooning
0%
Yves Tanguy
0%
No matching quizzes found
Score Distribution
Percent of People with Each Score
Percentile by Number Answered
Your Score History
You have not taken this quiz